Statistics for Nba and nfl quiz

Click here to take the quiz!

General Stats

  • This quiz has been taken 51 times
  • The average score is 12 of 22

Answer Stats

QuestionAnswer% Correct
what number was kobe when he played for the lakers in 201324
88%
what college did lebron go todidn't go
84%
how has the most points in the nba right nowlebron james
82%
what two teams have two really good shooterswarriors
82%
what nba player has the most ringsbill russell
80%
what team has the most super bowlspats and steelers
80%
what team did kobe get drafted byhornets
78%
who has scored the most touchdowns in nfl historyjerry rice
78%
how many championships have the thunder won0
70%
how many championships have the cowboys won5
68%
who has the most assist in nba historyjohn stockten
68%
which nba team has the most ringsceltics
66%
what team won the 2017 nba finalswarriors
66%
what college did kevin durant go totexas
64%
which team won the 2012 super bowlgiants
52%
what year was kevin durant drafted2007
44%
what year did shaq retire2011
26%
which player has the most threesray allen
26%
what number was jerry rice when he played for the broncos19
16%
what number did kobe wear when he played with the hornets23
6%
where did curry go to collegeduke
6%
what number is danny green1
4%

Score Distribution

Percentile by Number Answered

Percent of People with Each Score

Your Score History

You have not taken this quiz